LEADER 01148nam a2200277 a 4500 001 000000121107 003 CaOOAMICUS 005 20100409135339.0 008 100409t2010 enk u000 u eng r 020 $a978-0-415-77842-8 040 $aPUL$bita$dReb 082 04$a327 100 1 $aWeber, Cynthia.$0(OLS)http://pul/name/75819 245 10$aInternational relations theory :$ba critical introduction /$cCynthia Weber. 250 $a3. ed. 260 $aLondon ;$aNew York :$bRoutledge,$c©2010. 300 $axxiv, 239 p. ;$c23 cm. 504 $aBibliografia p. 229-235. 650 4$aRelazioni internazionali.$0(OLS)http://pul/subject/27045 850 $aPUL 852 $aPUL$W1$xSL Diritto e Scienze Sociali 3$y79$m327 WEBCY 1$j138861$qDDC 21$B138101$CPULBib$Z2$F138101 $H113115 $82 941 1 $a9 996 $6020$a978-0-415-77842-8$9(OLS)http://pul/number/143777 996 $6082$a327$9(OLS)http://pul/classification/379 996 $6245$aInternational relations theory :$ba critical introduction$9(OLS)http://pul/title/152302 996 $6260$aLondon ;$aNew York :$bRoutledge$9(OLS)http://pul/publisher/52469 LEADER 01737nam a2200349 u 4500 001 000000016075 003 CaOOAMICUS 005 20070226105943.0 008 941215s1959 fr u000 u fre u 035 $a10376737 040 $aPUL$bita 041 1 $afre$harm$hgrc 100 0 $aIrenaeus Lugdunensis,$cs.,$d130/149-c. 198.$0(OLS)http://pul/name/3472 240 10$aDemonstratio praedicationis apostolicae$9(Irenaeus, s., vesc. di Lyon, m. 202).$lFrancese.$0(OLS)http://pul/title/22965 245 10$aDémonstration de la prédication apostolique /$c[par] Irénée de Lyon. Nouv. traduction de l'arménien avec introd. et notes par L. M. Froidevaux. 260 $aParis :$bCerf,$c1959. 300 $a2 f. p., [7]-182, [2] p. ;$c21 cm 490 1 $aSources chrétiennes ;$v62 650 0$aApologetics$xHistory$yEarly church, ca. 30-600.$2//eng$0(OLS)http://pul/subject/3188 700 1 $aFroidevaux, L. M.$0(OLS)http://pul/name/14665 830 0$aSources chrétiennes ;$v62.$0(OLS)http://pul/title/45 850 $aPUL 852 $aPUL$W1$xDP1 Fondo Maccarrone$y58$m1506 C 37$j22654$nBK-PRI$b $qFondi$B22654$CPULBib$Z2$F22654 $H $81 852 $aPUL$W1$xSL Religione 2$y84$mTheol E3 62$j22655$nBK-PRI$b $qStampati altre collocazioni$B22655$CPULBib$Z2$F22655 $H $81 900 $aIrénée de Lyon$cs., vesc.,$dm. 202 $93472 900 $aIreneo,$cs., vesc. di Lione,$dm. 202$93472 941 1 $a10 941 1 $a1 961 $aINV: 01807 -- Fondo Mons. M. Maccarrone 961 $aINV: 20176 996 $6245$aDémonstration de la prédication apostolique$9(OLS)http://pul/title/22966 996 $6260$aParis :$bCerf$9(OLS)http://pul/publisher/48238